Textbook on Critical Care Nursing (Record no. 158651)

MARC details
000 -LEADER
fixed length control field 00381nam a2200145Ia 4500
008 - FIXED-LENGTH DATA ELEMENTS--GENERAL INFORMATION
fixed length control field 230411s9999 xx 000 0 und d
020 ## - INTERNATIONAL STANDARD BOOK NUMBER
International Standard Book Number 978-81-944400-5-5
041 ## - LANGUAGE CODE
Language code of text/sound track or separate title eng
082 ## - DEWEY DECIMAL CLASSIFICATION NUMBER
Classification number MS/616.028/CLE/B09720
100 ## - MAIN ENTRY--PERSONAL NAME
Personal name Clement I
9 (RLIN) 119826
245 ## - TITLE STATEMENT
Title Textbook on Critical Care Nursing
260 ## - PUBLICATION, DISTRIBUTION, ETC. (IMPRINT)
Name of publisher, distributor, etc. EMMESS
Place of publication, distribution, etc. Bangalore
Date of publication, distribution, etc. 2020
300 ## - PHYSICAL DESCRIPTION
Extent 1148p
Holdings
Withdrawn status Lost status Damaged status Not for loan Collection code Home library Current library Date acquired Vendor Cost, normal purchase price Bill number Total Checkouts Total Renewals Full call number Barcode Checked out Date last seen Date last checked out Cost, replacement price Bill Date Koha item type Original Barcode
        MS Smt. Bakul Tambat Institute of Nursing Education Smt. Bakul Tambat Institute of Nursing Education 21/01/2022 Patil Medical Book House 1995.00 4752 11 1 MS 616.028 CLE B09720 BTIN-BK-9720 06/04/2026 02/03/2026 02/03/2026 1386.53 30/11/2021 Books B09720
      Reference MS Smt. Bakul Tambat Institute of Nursing Education Smt. Bakul Tambat Institute of Nursing Education 21/01/2022 Patil Medical Book House 1995.00 4752     MS 616.028 CLE B09721 BTIN-BK-9721   11/04/2023   1386.53 30/11/2021 Books B09721